000 01380nam a2200301 a 4500
003 OSt
005 20240805082557.0
007 cr ||||||a|c|a
008 240209s2020 mx a|||fom||| 001 0 spa d
040 _erda
100 1 _9188680
_aBalderas Arreola, José René
245 1 0 _aEvaluación de tres protocolos de sincronización de estros para inseminación artificial a tiempo fijo en ganado Holstein /
_cpor José René Balderas Arreola y Victor Manuel García García; director de tesis Carlos G. Germán Alarcón.
264 1 _aChapingo, México :
_bEl autor,
_c2020.
300 _a1 recurso en línea (69 páginas):
_bcuadros, figuras.
336 _2rdacontent
_atexto
_btxt
337 _2rdamedia
_acomputadora
_bc
338 _2rdacarrier
_arecurso en línea
_bcr
502 _bIAEZ
_cZootecnía
_d2020.
_gLIC
504 _aIncluye referencias bibliográficas: páginas 46-55.
650 4 _9138985
_aGanado Holstein
_xFecundidad
650 4 _945510
_aGanado vacuno
_xReproducción
650 4 _9127238
_aGanado vacuno
_xInsemincación artificial
650 4 _9146687
_aInducción al estro
700 1 _9188681
_aGarcía García, Victor Manuel
700 _aGermán Alarcón, Carlos Guillermo
_eDirector de tesis.
_9140782
856 _uhttp://10.13.5.2/tesis/tl/Balderas_Arreola_Jose_Rene.pdf
_zDESCARGAR PDF
942 _2Clasificación Universidad Autónoma Chapingo
_cTD
999 _c219659
_d219659